| 000 | 00487nam a2200181Ia 4500 | ||
|---|---|---|---|
| 005 | 20260415160353.0 | ||
| 008 | 008 250505s9999 xx 000 0 eng d | ||
| 037 | _aTextual | ||
| 040 |
_aFEDL _beng _cFEDL |
||
| 041 |
_aeng _2eng |
||
| 084 |
_a171 BER _qFEDL |
||
| 100 | _aBerdyaev Nicolas | ||
| 245 | 0 | _aDestiny of man | |
| 260 |
_aLondon, UK _bThe Centenary Press _c1945 |
||
| 300 | _avi,298p | ||
| 942 |
_cTEXL _h171 BER |
||
| 999 |
_c1322184 _d1322184 |
||